00399nam a2200145Ia 450000500170000000800410001702000150005808200130007310000130008624500430009925000080014226000400015030000120019050000510020220250701165949.0240331s9999 xx 000 0 und d a9552088690 bSARa800 aSarath,L 0aParani ladiva Sinhala Demala sabadatha a3rd aColombobS. Godage & Brothersc2006 a72 p ., aSinhala - Tamil Relations in Ancient Sri Lanka